El judaísmo. Pasado, presente y futuro.

Uloženo v:
Podrobná bibliografie
Hlavní autor: Küng, Hans, 1928- (autor)
Médium: Kniha
Jazyk:španělština
Vydáno: Madrid, España: Trotta, 1993.
Edice:Colección Estructuras y Procesos. Serie Religión.
Témata:
Tagy: Přidat tag
Žádné tagy, Buďte první, kdo vytvoří štítek k tomuto záznamu!

MARC

LEADER 00000nam a2200000 a 4500
001 UCP4118
003 CL-VaPUC
005 20230825115655.0
008 990724t19930000SP |||||||||||||||||spa|d
999 |c 441686  |d 441684 
020 |a 84-87699-89-8 
040 |c Pontificia Universidad Católica de Valparaíso 
082 0 4 |a 296 KUN 1993  |2 21 
100 |a Küng, Hans,  |d 1928-  |e autor  |9 859729 
245 1 3 |a El judaísmo.   |b Pasado, presente y futuro. 
260 |a Madrid, España:  |b Trotta,  |c 1993. 
300 |a 718 páginas. 
490 0 |a Colección Estructuras y Procesos. Serie Religión.  
500 |a c.1 Donación Sr. Jorge Precht Pizarro. 26-05-23. Biblioteca Teología.  
583 |a last modification  |c 19990724 00:00:00  |k Yessy Sthefany Diaz Vidal 
650 0 |a Judaísmo  |9 269348  |x Análisis histórico  
650 0 |a Judaísmo  |9 269348  |v Conflictos religiosos   |x Islam y Cristianismo  
650 0 |a Judíos  |9 313771  |v Controversias religiosas   |x Cristianos y musulmanes 
942 |c BK  |2 ddc 
945 |d 19990724 00:00:00  |a rbrito 
952 |0 0  |1 0  |2 ddc  |4 0  |6 296_000000000000000_KUN_1993  |7 0  |8 A  |9 591321  |a BIBTEO  |b BIBTEO  |c GEN  |d 2023-08-23  |e Donación  |i 5658460  |o 296 KUN 1993  |p 5658460  |r 2025-01-17  |t 1   |w 2023-08-23  |y BK  |k ICR